书目信息 |
| 题名: |
福利制度与人权实现
|
|
| 作者: | 谢琼 著 | |
| 分册: | ||
| 出版信息: | 北京 人民出版社 2013 |
|
| 页数: | 225页 | |
| 开本: | 24cm | |
| 丛书名: | ||
| 单 册: | ||
| 中图分类: | D57 , D815.7 | |
| 科图分类: | ||
| 主题词: | 福利制度--研究--世界 , 人权--研究--世界 , 人权 , 福利制度 | |
| 电子资源: | ||
| ISBN: | 978-7-01-011721-8 | |
| 000 | 00951nam0 2200277 450 | |
| 001 | 139746 | |
| 005 | 20140913110603.15 | |
| 010 | @a978-7-01-011721-8@dCNY 38.00 | |
| 100 | @a20130527d2013 em y0chiy50 ea | |
| 101 | 0 | @achi |
| 102 | @aCN@b110000 | |
| 105 | @ay z 001yy | |
| 200 | 1 | @a福利制度与人权实现@Afu li zhi du yu ren quan shi xian@b专著@dWelfare system and human rights realization@f谢琼著@zeng |
| 210 | @a北京@c人民出版社@d2013 | |
| 215 | @a225页@d24cm | |
| 330 | @a本书通过梳理福利制度与人权的发展历程,揭示了两者之间的关系及其演进规律,论证了福利权的出现及确认是人权与福利制度由分割推进走向关联互动的结合点。 | |
| 510 | 1 | @aWelfare system and human rights realization@zeng |
| 606 | 0 | @a福利制度@x研究@y世界 |
| 606 | 0 | @a人权@x研究@y世界 |
| 606 | 0 | @a人权 |
| 606 | 0 | @a福利制度 |
| 690 | @aD57@v5 | |
| 690 | @aD815.7@v5 | |
| 701 | 0 | @a谢琼@Axie qiong@c(女)@4著 |
| 801 | 0 | @aCN@bZL@c20140913 |
| 905 | @a241430@dD57@eX452 | |
| 福利制度与人权实现=Welfare system and human rights realization/谢琼著.-北京:人民出版社,2013 |
| 225页;24cm |
| ISBN 978-7-01-011721-8:CNY 38.00 |
| 本书通过梳理福利制度与人权的发展历程,揭示了两者之间的关系及其演进规律,论证了福利权的出现及确认是人权与福利制度由分割推进走向关联互动的结合点。 |
| ● |
| 相关链接 |
|
|
|
正题名:福利制度与人权实现
索取号:D57/X452
 
预约/预借
| 序号 | 登录号 | 条形码 | 馆藏地/架位号 | 状态 | 备注 |
| 1 | 0831953 | 208319531 | 社科库509/509社科库 71排5列4层/ [索取号:D57/X452] | 在馆 | |
| 2 | 0831954 | 208319540 | 社科库509/509社科库 71排5列4层/ [索取号:D57/X452] | 在馆 | |
| 3 | 0831955 | 208319559 | 社科库509/509社科库 71排5列4层/ [索取号:D57/X452] | 在馆 |